<?xml version="1.0" encoding="UTF-8"?>
<record
    xmlns:xsi="http://www.w3.org/2001/XMLSchema-instance"
    xsi:schemaLocation="http://www.loc.gov/MARC21/slim http://www.loc.gov/standards/marcxml/schema/MARC21slim.xsd"
    xmlns="http://www.loc.gov/MARC21/slim">

  <leader>00399nam a22001457a 4500</leader>
  <controlfield tag="008">241109b        |||||||| |||| 00| 0 eng d</controlfield>
  <datafield tag="020" ind1=" " ind2=" ">
    <subfield code="a">978-81-198-9664-6</subfield>
  </datafield>
  <datafield tag="100" ind1=" " ind2=" ">
    <subfield code="a">R. E. Walpole &amp; R. H. Myers</subfield>
  </datafield>
  <datafield tag="245" ind1=" " ind2=" ">
    <subfield code="a">Probability &amp; Statistics for Engineers &amp; Scientists Updated 9th Ed.</subfield>
  </datafield>
  <datafield tag="250" ind1=" " ind2=" ">
    <subfield code="a">9th Ed.</subfield>
  </datafield>
  <datafield tag="260" ind1=" " ind2=" ">
    <subfield code="a">Noida</subfield>
    <subfield code="b">Pearson Pub</subfield>
    <subfield code="c">2024</subfield>
  </datafield>
  <datafield tag="300" ind1=" " ind2=" ">
    <subfield code="a">810</subfield>
  </datafield>
  <datafield tag="650" ind1=" " ind2=" ">
    <subfield code="a">CSE</subfield>
  </datafield>
  <datafield tag="942" ind1=" " ind2=" ">
    <subfield code="2">ddc</subfield>
    <subfield code="c">BK</subfield>
  </datafield>
  <datafield tag="999" ind1=" " ind2=" ">
    <subfield code="c">21022</subfield>
    <subfield code="d">21022</subfield>
  </datafield>
  <datafield tag="952" ind1=" " ind2=" ">
    <subfield code="p">BE 24907</subfield>
    <subfield code="g">999.00</subfield>
    <subfield code="i">26-10-2024</subfield>
    <subfield code="l">0</subfield>
    <subfield code="e">ABD Publisher</subfield>
    <subfield code="r">2024-11-09 00:00:00</subfield>
    <subfield code="w">2024-11-09</subfield>
    <subfield code="y">BK</subfield>
    <subfield code="0">0</subfield>
    <subfield code="4">0</subfield>
    <subfield code="7">1</subfield>
    <subfield code="a">MIETLIB</subfield>
    <subfield code="b">MIETLIB</subfield>
    <subfield code="c">22/5</subfield>
    <subfield code="d">2024-11-26</subfield>
    <subfield code="1">0</subfield>
    <subfield code="H">BE</subfield>
  </datafield>
  <datafield tag="952" ind1=" " ind2=" ">
    <subfield code="p">BE 24908</subfield>
    <subfield code="g">999.00</subfield>
    <subfield code="i">26-10-2024</subfield>
    <subfield code="l">0</subfield>
    <subfield code="e">ABD Publisher</subfield>
    <subfield code="r">2024-11-09 00:00:00</subfield>
    <subfield code="w">2024-11-09</subfield>
    <subfield code="y">BK</subfield>
    <subfield code="0">0</subfield>
    <subfield code="4">0</subfield>
    <subfield code="7">0</subfield>
    <subfield code="a">MIETLIB</subfield>
    <subfield code="b">MIETLIB</subfield>
    <subfield code="c">27/5</subfield>
    <subfield code="d">2024-11-26</subfield>
    <subfield code="1">0</subfield>
    <subfield code="H">BE</subfield>
  </datafield>
  <datafield tag="952" ind1=" " ind2=" ">
    <subfield code="p">BE 24909</subfield>
    <subfield code="g">999.00</subfield>
    <subfield code="i">26-10-2024</subfield>
    <subfield code="l">0</subfield>
    <subfield code="e">ABD Publisher</subfield>
    <subfield code="r">2024-11-09 00:00:00</subfield>
    <subfield code="w">2024-11-09</subfield>
    <subfield code="y">BK</subfield>
    <subfield code="0">0</subfield>
    <subfield code="4">0</subfield>
    <subfield code="7">0</subfield>
    <subfield code="a">MIETLIB</subfield>
    <subfield code="b">MIETLIB</subfield>
    <subfield code="c">27/5</subfield>
    <subfield code="d">2024-11-26</subfield>
    <subfield code="1">0</subfield>
    <subfield code="H">BE</subfield>
  </datafield>
  <datafield tag="952" ind1=" " ind2=" ">
    <subfield code="p">BE 24910</subfield>
    <subfield code="g">999.00</subfield>
    <subfield code="i">26-10-2024</subfield>
    <subfield code="l">1</subfield>
    <subfield code="e">ABD Publisher</subfield>
    <subfield code="r">2025-01-07 00:00:00</subfield>
    <subfield code="s">2024-12-16</subfield>
    <subfield code="w">2024-11-09</subfield>
    <subfield code="y">BK</subfield>
    <subfield code="0">0</subfield>
    <subfield code="4">0</subfield>
    <subfield code="7">0</subfield>
    <subfield code="a">MIETLIB</subfield>
    <subfield code="b">MIETLIB</subfield>
    <subfield code="c">27/5</subfield>
    <subfield code="d">2024-11-26</subfield>
    <subfield code="1">0</subfield>
    <subfield code="H">BE</subfield>
  </datafield>
  <datafield tag="952" ind1=" " ind2=" ">
    <subfield code="p">BE 24911</subfield>
    <subfield code="g">999.00</subfield>
    <subfield code="i">26-10-2024</subfield>
    <subfield code="l">0</subfield>
    <subfield code="e">ABD Publisher</subfield>
    <subfield code="r">2024-11-09 00:00:00</subfield>
    <subfield code="w">2024-11-09</subfield>
    <subfield code="y">BK</subfield>
    <subfield code="0">0</subfield>
    <subfield code="4">0</subfield>
    <subfield code="7">0</subfield>
    <subfield code="a">MIETLIB</subfield>
    <subfield code="b">MIETLIB</subfield>
    <subfield code="c">27/5</subfield>
    <subfield code="d">2024-11-26</subfield>
    <subfield code="1">0</subfield>
    <subfield code="H">BE</subfield>
  </datafield>
</record>
